[Event "Barcelona Ideal Clave op 13th"]
[Site "Barcelona"]
[Date "2007.10.27"]
[Round "4.11"]
[White "Gisbert Mir, Alejandro"]
[Black "Vela Lascuevas, Pascual"]
[Result "1/2-1/2"]
[WhiteElo "1950"]
[BlackElo "1751"]
[PlyCount "41"]
[EventDate "2007.09.29"]
[EventType "swiss"]
[EventRounds "8"]
[EventCountry "ESP"]
[SourceTitle "EXT 2024"]
[Source "ChessBase"]
[SourceDate "2023.10.10"]
[SourceVersion "1"]
[SourceVersionDate "2023.10.10"]
[SourceQuality "1"]

1. d4 Nf6 2. c4 e5 3. dxe5 Ne4 4. Nf3 Bb4+ 5. Bd2 Nxd2 6. Nbxd2 Nc6 7. a3 Bxd2+ 8. Qxd2 Qe7 9. g3 Nxe5 10. Nxe5 Qxe5 11. Bg2 0-0 12. 0-0 d6 13. Rad1 Bg4 14. f3 Bd7 15. f4 Qe7 16. e4 Bc6 17. Rfe1 Rad8 18. Qb4 f6 19. e5 fxe5 20. fxe5 Qf7 21. Rf1 1/2-1/2